Arte contemporáneo mexicano en el mundo. MEXartes.de: expectativas, imaginarios, recepción (Record no. 1600)

MARC details
000 -LEADER
campo de control de longitud fija 00704nam a22001457a 4500
008 - DATOS DE LONGITUD FIJA--INFORMACIÓN GENERAL
campo de control de longitud fija 180829b xxu||||| |||| 00| 0 eng d
020 ## - NÚMERO INTERNACIONAL ESTÁNDAR DEL LIBRO
Número Internacional Estándar del Libro 9709703587
082 ## - NÚMERO DE LA CLASIFICACIÓN DECIMAL DEWEY
Número de clasificación 709.72
Número de ítem SCH354a
100 ## - ENTRADA PRINCIPAL--NOMBRE DE PERSONA
Nombre de persona Schmilchuck, Graciela
9 (RLIN) 6638
245 ## - MENCIÓN DEL TÍTULO
Título Arte contemporáneo mexicano en el mundo. MEXartes.de: expectativas, imaginarios, recepción
260 ## - PUBLICACIÓN, DISTRIBUCIÓN, ETC.
Lugar de publicación, distribución, etc. México
Nombre del editor, distribuidor, etc. Instituto Nacional de Bellas Artes y Literatura
-- Centro Nacional de las Artes
-- Centro Nacional de Investigación, Documentación e Información de Artes Plásticas (CENIDIAP)
-- Estampa Artes Gráficas S.A de C.V
Fecha de publicación, distribución, etc. 2012
300 ## - DESCRIPCIÓN FÍSICA
Extensión 19 p.
Dimensiones 21 cm.
440 ## - MENCIÓN DE SERIE/PUNTO DE ACCESO ADICIONAL--TÍTULO
Título Ensayos Abrevian
9 (RLIN) 6618
650 ## - PUNTO DE ACCESO ADICIONAL DE MATERIA--TÉRMINO DE MATERIA
Fuente del encabezamiento o término Arte contemporáneo
Subdivisión general Arte - ensayos
Subdivisión geográfica Arte - México
9 (RLIN) 6639
Holdings
Estatus retirado Estado de pérdida Fuente del sistema de clasificación o colocación Estado de daño No para préstamo Biblioteca de origen Biblioteca actual Ubicación en estantería Fecha de adquisición Total de préstamos Signatura topográfica completa Código de barras Visto por última vez Precio de reemplazo Tipo de ítem Koha
    Clasificación Decimal Dewey     Biblioteca LadoV Biblioteca LadoV   29/08/2018   709.72 SCH354a 004657 29/08/2018 29/08/2018 Material 01